| 000 | 00617cam a2200217 4500500 | ||
|---|---|---|---|
| 005 | 20260405001421.0 | ||
| 041 | _afre | ||
| 042 | _adc | ||
| 100 | 1 | 0 |
_aMacé, Arnaud _eauthor |
| 245 | 0 | 0 | _aAu fond de la caverne |
| 260 | _c2013. | ||
| 500 | _a90 | ||
| 690 | _aAllégorie | ||
| 690 | _aAllégorie de la caverne | ||
| 690 | _aCaverne | ||
| 690 | _aLa République | ||
| 690 | _aPlaton | ||
| 690 | _aSymbole | ||
| 786 | 0 | _nPhilosophie magazine | 66 | 2 | 2013-02-01 | p. 52-52 | 1951-1787 | |
| 856 | 4 | 1 | _uhttps://shs.cairn.info/magazine-philosophie-magazine-2013-2-page-52?lang=fr&redirect-ssocas=7080 |
| 999 |
_c2047422 _d2047422 |
||